| 000 | 01512nam a2200409Ii 4500 | ||
|---|---|---|---|
| 001 | sjds2405013 | ||
| 003 | sjds | ||
| 005 | 20251123081600.0 | ||
| 008 | 010910s2001 caua j 000 0 eng d | ||
| 020 | _a9780811830904 | ||
| 020 | _a081183090X (pbk.) | ||
| 020 | _a0811830845 | ||
| 035 | _a2405013 | ||
| 035 | _a(OCoLC)45201992 | ||
| 035 | _a2405013 | ||
| 040 |
_aPABRO _beng _erda _cPABRO |
||
| 049 | _aIFAA | ||
| 099 |
_a398.2094402 _f2001 |
||
| 100 | 1 |
_aBoada, Francesc, _eauthor. |
|
| 245 | 1 | 0 |
_aCinderella = _bCenicienta / _cadaptation by Francesc Boada ; illustrated by Monse Fransoy. |
| 246 | 3 | 1 | _aCenicienta |
| 264 | 1 |
_aSan Francisco, CA : _bChronicle Books, _c2001. |
|
| 300 |
_a1 volume (unpaged) : _bcolor illustrations ; _c22 cm |
||
| 336 |
_atext _btxt _2rdacontent |
||
| 337 |
_aunmediated _bn _2rdamedia |
||
| 338 |
_avolume _bnc _2rdacarrier |
||
| 520 | _aAunque maltratada por su madrastra y sus hermanastras, Cenicienta conoce a su prÃncipe con la ayuda de su hada madrina. | ||
| 520 | _aAlthough mistreated by her stepmother and stepsisters, Cinderella meets her prince with the help of her fairy godmother. | ||
| 546 | _aIn Spanish and English. | ||
| 600 | 0 | 0 |
_aCinderella _c(Legendary character) _vJuvenile literature. |
| 650 | 7 |
_aCenicienta (Personaje legendario) _vLiteratura juvenil. _2local |
|
| 700 | 1 |
_aFransoy, Monse, _eillustrator. |
|
| 730 | 0 |
_aCinderella. _lEnglish. |
|
| 740 | 0 | _aCencienta. | |
| 942 | _cBK | ||
| 999 |
_c30151 _d30149 |
||
| 999 | _bESPANOL CHILDREN 398.2094402 BOADA 2001 | ||